01005nam a22002657a 45000010005000000030010000050050017000150080041000320400047000730410008001200820016001281000036001442450098001802640074002783000012003523360022003643370019003863380021004055010014004265050075004406530077005159420007005929520123005999990017007221477CO-MdFUSB20180622072714.0170321t1950 e ||||| |||| 00| 0 eng d aCO-MdFUSBbspacCO-MdFUSBdCO-MdFUSBCerda0 aeng04aG 206 F334g1 aFenn, John Eric (Editor)eautor10aMake the tree goodb : The Bible Society's popular report for 1949c / John Eric Fenn, Editor 4aQueen Victoria, London : bBritish and Foreign Bible Society,c©1950 a93 Pag. 2rdacontenta1ba1 2rdamediaa2b5 2rdacarriera2b5 aRústico00aNoticias sobre la distribución de la Biblia en varios paises en 1949 aAsociaciones religiosas - Sociedades bíblicas - Publicaciones seriadas cBK 001040708GENaFUSBCbFUSBCd2004-10-20l0oG 206 F334g p941r2019-12-12 00:00:00t1w2016-01-26yBKB0C3IINV2023 c32797d32797